Nuevos datos sobre la antigua puerta del Real Sitio del Buen Retiro / (Record no. 182823)
[ view plain ]
| 000 -LEADER | |
|---|---|
| campo de control de longitud fija | 00702nam a2200169 i 4500 |
| 001 - NÚMERO DE CONTROL | |
| campo de control | 182823 |
| 003 - IDENTIFICADOR DE NÚMERO DE CONTROL | |
| campo de control | ES-MaACL |
| 005 - FECHA Y HORA DE LA ÚLTIMA TRANSACCIÓN | |
| campo de control | 20230906221724.0 |
| 008 - DATOS DE LONGITUD FIJA--INFORMACIÓN GENERAL | |
| campo de control de longitud fija | 131107s1986 sp |||| | spa d |
| 100 1# - ENTRADA PRINCIPAL--NOMBRE DE PERSONA | |
| Nombre de persona | Zapata Fernández de la Hoz, Teresa. |
| 9 (RLIN) | 153271 |
| 245 10 - MENCIÓN DEL TÍTULO | |
| Título | Nuevos datos sobre la antigua puerta del Real Sitio del Buen Retiro / |
| Mención de responsabilidad, etc. | Teresa Zapata Fernández de la Hoz. |
| 260 ## - PUBLICACIÓN, DISTRIBUCIÓN, ETC. | |
| Lugar de publicación, distribución, etc. | Madrid : |
| Nombre del editor, distribuidor, etc. | Instituto de Estudios Madrileños, |
| Fecha de publicación, distribución, etc. | 1986. |
| 300 ## - DESCRIPCIÓN FÍSICA | |
| Extensión | P. 45-50, [4] p. de lám. ; |
| Dimensiones | 24 cm. |
| 595 ## - | |
| -- | Tirada aparte de los Anales del Instituto de Estudios Madrileños, tomo XXIII. |
| 651 #4 - PUNTO DE ACCESO ADICIONAL DE MATERIA--NOMBRE GEOGRÁFICO | |
| Nombre geográfico | El Retiro (Madrid) |
| 9 (RLIN) | 153793 |
| 852 ## - LOCALIZACIÓN | |
| Ubicación | ES-MaACL |
| Número de control de estantería | 2329-F-35 |
| Nota libre | .- Dedicatoria manuscrita de la autora |
| Estatus retirado | Estado de pérdida | Estado de daño | No para préstamo | Colección | Biblioteca de origen | Biblioteca actual | Ubicación en estantería | Fecha de adquisición | Fuente de adquisición | Total de préstamos | Signatura topográfica completa | Código de barras | Visto por última vez | Precio de reemplazo | Tipo de ítem Koha |
|---|---|---|---|---|---|---|---|---|---|---|---|---|---|---|---|
| Colección de folletos | Biblioteca del Ateneo de Madrid | Biblioteca del Ateneo de Madrid | Depósito folletos | 07/11/2013 | 2329-F-35 | 1192139 | 23/02/2023 | 23/02/2023 | Folleto |
